000 01134nam0a22002531 4500
001 rc\977090
005 20041129101036.6
035 _a(NLR Aleph) 006145494
090 _a5706993
_c5706993
100 _a20041129d1982 u |0rusy50 ca
101 0 _arus
102 _aRU
105 _aa |||||||||
200 1 _aРазведение и использование шмелей на красном клевере
_eМетод. рекомендации
_fВАСХНИЛ, Сиб. отд-ние, Сиб. НИИ земледелия и химизации сел. хоз-ва
_g[Подгот. В.С. Гребенниковым]
210 _aНовосибирск
_cСО ВАСХНИЛ
_d1982
215 _a51 с.
_cил.
_d20
320 _aБиблиогр.: с. 48-50
702 1 _aГребенников
_bВ. С.
_gВиктор Степанович
_4570
712 0 2 _aСибирский НИИ земледелия и химизации сельского хозяйства
_cНовосибирск
_3RU\NLR\AUTH\889918207
801 0 _aRU
_bNLR
_gpsbo
801 1 _aRU
_bELAR
_2rusmarc
852 _aNLR
_j82-4/25504
942 _cBOOK
980 _aNB